Financovanie športu z verejných zdrojov

Rôzne formy financovania športu, ako aj posúdenie jedného z kritérií štátnej pomoci, a to ovplyvnenie obchodu medzi členskými štátmi poskytnutím pomoci.

Gespeichert in:
Bibliographische Detailangaben
1. Verfasser: Siminská, Eva
Format: Buchkapitel
Sprache:Slowakisch
Schlagworte:
Tags: Tag hinzufügen
Keine Tags, Fügen Sie das erste Tag hinzu!

MARC

LEADER 00000naa a2200000 4500
001 0274012
005 20210527141727.5
041 0 |a slo 
044 |a SK 
245 1 0 |a Financovanie športu z verejných zdrojov  |c Eva Siminská 
520 |a Rôzne formy financovania športu, ako aj posúdenie jedného z kritérií štátnej pomoci, a to ovplyvnenie obchodu medzi členskými štátmi poskytnutím pomoci. 
610 2 0 |a financovanie 
610 2 0 |a šport 
610 2 0 |a pomoc štátna 
610 2 0 |a zákony 
610 2 0 |a obchod 
100 1 |a Siminská, Eva